| 000 | 00841nam a22003130a 4500 | ||
|---|---|---|---|
| 001 | PT43191 | ||
| 003 | AR-LpoUNG | ||
| 005 | 20210131230949.0 | ||
| 008 | 191001s2009||||fr |||||||||||||||||fre d | ||
| 020 |
_a9782724611267 _c$24 |
||
| 040 |
_aAR-LpoUNG _bspa _cAR-LpoUNG _eaacr |
||
| 041 | _afre | ||
| 044 | _afr | ||
| 082 | 0 | _aR303.484 486dic | |
| 100 | 1 |
_aFillieule, Olivier _edir. |
|
| 245 | 1 | 0 | _aDictionnaire des mouvements sociaux |
| 260 |
_aParis : _bSciencesPo, _c2009. |
||
| 300 |
_a651 p. : _bil., fot. |
||
| 650 | 4 | _aBIBLIOGRAFIAS | |
| 650 | 4 | _aDICCIONARIOS | |
| 650 | 4 | _aMATERIAL DE REFERENCIA | |
| 650 | 4 | _aMOVIMIENTOS SOCIALES | |
| 650 | 4 | _aSOCIOLOGIA | |
| 651 | 4 | _aDOCUMENTOS TEORICOS O METODOLOGICOS | |
| 700 | 1 |
_aMathieu, Lilian _edir. |
|
| 700 | 1 |
_aPéchu, Cécile _edir. |
|
| 905 | _a43191 | ||
| 942 | _cLSALA | ||
| 999 |
_c7178 _d7178 |
||